ultimate spiderman-web warriors - Statistics

General Stats
  • This quiz has been taken 83 times
  • The average score is 4 of 6
Answer Stats
Hint Answer % Correct
peter parker spiderman
97%
flash thompson agent venom
85%
Amadeus Cho iron spider
79%
ben riely scarlet spider
76%
miles morales kid arachnid
39%
mary jane spidergirl
39%
No matching quizzes found
Score Distribution
Percent of People with Each Score
Percentile by Number Answered
Your Score History
You have not taken this quiz